000 00659nam a22001457a 4500
003 OSt
008 140122b xxu||||| |||| 00| 0 eng d
100 1 _aBeckeman, Sven-Eric, and Anna-Lisa Beckeman
041 _aeng
245 1 0 _aPostage Stamps of China. The Anna-Lisa and Sven-Eric Beckeman Collection 1885 small dragons, 1894 dowager empress 60th birthday, 1897 new currency, 1897 red revenues, customs mail matter handstamps, Sale 1, 2, 3, 4
246 1 0 _athe 'Mandarin' collectin formed by Anna-Lisa and Sven-Eric Beckeman of Sweden
260 _aHong Kong
_bSotheby's and Corinphilia in association
300 _a0 pages
650 0 _aChina -- Auction catalogs
999 _c357
_d357